LEADER 01356nam a2200313 u 4500 001 000000059813 003 CaOOAMICUS 005 20070226120837.0 008 010705s1986 it u000 u ita u 020 $a8826306605 035 $a10896112 040 $aPUL(R)$bita 100 1 $aRadnitzky, Gerard,$d1921-$0(OLS)http://pul/name/35444 245 13$aL'epistemologia di Popper e la ricerca scientifica /$cGerard Radnitzky ; edizione italiana a cura di Angelo M. Petroni. 260 $aRoma :$bBorla,$c1986. 300 $a137 p. ;$c20 cm 490 1 $aEpistemologia contemporanea 504 $aBibliografia: p.135-137. 600 14$aPopper, Karl Raimund,$cSir,$d1902-1994.$0(OLS)http://pul/subject/7920 650 4$aEpistemologia.$0(OLS)http://pul/subject/439 650 4$aRicerca scientifica.$0(OLS)http://pul/subject/23207 830 0$aEpistemologia contemporanea.$0(OLS)http://pul/title/58856 850 $aPUL 852 $aPUL$W1$xSL Filosofia 2$y80$mPhil D4 73c.2$j77969$nBK-PRI$b $qStampati altre collocazioni$B77969$CPULBib$Z2$F77969 $H $81 941 1 $a10 961 $aINV: 65381 996 $6020$a8826306605$9(OLS)http://pul/number/76500 996 $6245$aL'epistemologia di Popper e la ricerca scientifica$9(OLS)http://pul/title/80039 996 $6260$aRoma :$bBorla$9(OLS)http://pul/publisher/48061 LEADER 01319nam a2200289 a 4500 001 000000155094 003 CaOOAMICUS 005 20161014123336.0 008 161014s1970 sp u000 u spa r 032 $aLibriCat 040 $aPUL$bita 100 1 $aGarcía Estebánez, Emilio,$cO.P.$0(OLS)http://pul/name/98788 245 10$aDe natura indulgentiarum /$cFr. Aemilii Garcia Estebanez, O.P. 260 $aSalmanticae :$b[s.n.],$c1970. 300 $a52 p. ;$c25 cm. 500 $aExtractum ex periodico: "La ciencia tomista", t. 97 (1970) 407-443. 500 $aIn testa al front.: Pontificia Studiorum Universitas a S. Toma Aquinate in Urbe. 502 $aEstratto da tesi -- Pontificiam Universitatem S. Thomae de Urbe, Facultate S. Theologiae, 1970. 504 $aBibliografia in nota. 650 4$aIndulgenze.$0(OLS)http://pul/subject/2994 710 2 $aPontificia Università S. Tommaso.$bFacoltà di teologia.$kTesi.$0(OLS)http://pul/name/81834 850 $aPUL 852 $aPUL$W1$xDP1 Tesi Pon. Univ. S. Tommaso$y44$mTH S.THOM TH443$j178151$qTesi$B181368$CPULBib$Z2$F181368 $H34389 $81 941 1 $a16 996 $6245$aDe natura indulgentiarum$9(OLS)http://pul/title/194727 996 $6260$aSalmanticae :$b[s.n.]$9(OLS)http://pul/publisher/68567